000 00628nam a2200181 i 4500
001 67905
003 ES-MaACL
005 20230906170152.0
007 t|
008 040216s1954 sp ||||1| spa d
100 1 _aGallego Díaz, José.
_953559
245 1 4 _aUna nueva métrica como ensayo para axiomatizar la economía
_b: conferencia pronunciada 25 noviembre 1953 /
_cpor José Gallego Díaz.
260 _a[S.l. :
_bs.n.,
_c1954]
300 _a6 p. ;
_c31 cm.
500 _aEs separata de: "Theoria". Número extraordinario-Julio 1954.
852 _aES-MaACL
_j1965-F-4
_bR.36310
852 _aES-MaACL
_j1965-F-5
_bR.36751
999 _c67905
_d67905